000 00610nam a2200241 i 4500
001 C2-0271498
003 PPAK
005 20180728001448.0
008 060809s2003 my |||| ||||| | may d
020 _a9795616692
040 _aPPAK
_beng
_cPPAK
_erda
082 0 4 _a297.4
_223
090 0 0 _a297.4
_bJAL
_dG
245 0 0 _aJalan kearifan sufi
264 1 _aKuala Lumpur :
_bDarulfikir ,
_c2003
300 _a104 pages ;
_c24 cm
336 _2rdacontent
_atext
337 _2rdamedia
_aunmediated
338 _2rdacarrier
_avolume
650 1 0 _aSufism
700 1 _aSimpul, Tim,
_eeditor
942 _ddc
_cB
999 _c79759
_d79759